Pokémon - Attacken von Rameidon in KA/PU - Statistiken

Allgemein
  • Dieses Quiz wurde 2 mal gespielt
  • Das Durchschnittsergebnis liegt bei 33 aus 74
Antwortstatistiken
Antwort % Korrekt
Donner
100%
Donnerblitz
100%
Drachenklaue
100%
Drachenrute
100%
Erdbeben
100%
Erdkräfte
100%
Flammenwurf
100%
Kopfstoß
100%
Risikotackle
100%
Schutzschild
100%
Stampfer
100%
Steinhagel
100%
Steinkante
100%
Wutanfall
100%
Zen-Kopfstoß
100%
Blizzard
50%
Bodycheck
50%
Brüller
50%
Dampfwalze
50%
Delegator
50%
Donnerschlag
50%
Donnerstoß
50%
Durchbruch
50%
Eisenschädel
50%
Eisstrahl
50%
Erholung
50%
Felsgrab
50%
Felswurf
50%
Feuerschlag
50%
Feuersturm
50%
Fluch
50%
Fuchtler
50%
Gewissheit
50%
Grimasse
50%
Hyperstrahl
50%
Katapult
50%
Knirscher
50%
Kopfnuss
50%
Lawine
50%
Rammboss
50%
Raub
50%
Regentanz
50%
Sandsturm
50%
Schaufler
50%
Schlafrede
50%
Silberblick
50%
Slam
50%
Sonnentag
50%
Surfer
50%
Tarnsteine
50%
Zertrümmerer
50%
Antik-Kraft
0%
Aufruhr
0%
Ausdauer
0%
Body Press
0%
Bodyslam
0%
Breitseite
0%
Drachenpuls
0%
Drachenschrei
0%
Energiefokus
0%
Fassade
0%
Fokusstoß
0%
Fruststampfer
0%
Gigastoß
0%
Hammerarm
0%
Kreideschrei
0%
Lehmschelle
0%
Notsituation
0%
Power-Punch
0%
Schleuder
0%
Schwerttanz
0%
Tera-Ausbruch
0%
Wegbereiter
0%
Wirbelwind
0%
Keine übereinstimmenden Quizze gefunden
Verteilung der Resultate
Anzahl Personen mit jedem Resultat
Perzentil nach korrekt beantworteten Fragen
Ihre Resultats-Entwicklung
Sie haben dieses Quiz noch nicht gespielt